| 000 | 00577nam a2200205Ia 4500 | ||
|---|---|---|---|
| 003 | OSt | ||
| 005 | 20260606090825.0 | ||
| 008 | 210210b2000 xxu||||| |||| 00| 0 eng d | ||
| 040 | _cAL | ||
| 041 | _aKannada | ||
| 082 | _a398.2K KARS | ||
| 100 |
_aKARANTA PERAJE (Na), Ed. _dನಾ. ಕಾರಂತ ಪೆರಾಜೆ _9265372 |
||
| 245 |
_aSheni darshana. _bಶೇಣಿ ದರ್ಶನ |
||
| 260 |
_aPutturu. _bKarnataka Sanga., _c2000 |
||
| 300 | _avi,138 | ||
| 650 |
_aYakshagana, Sheni _9265373 |
||
| 690 |
_aYakshagana _9265374 |
||
| 906 | _a056985 | ||
| 942 |
_2ddc _cBK |
||
| 999 |
_c104320 _d104320 |
||